| 000 | 00665cam a2200217 a 4500 | ||
|---|---|---|---|
| 001 | 4868775 | ||
| 005 | 20180124032709.0 | ||
| 008 | 920522s1993 nyua 001 0 eng | ||
| 010 | _a 92018562 | ||
| 020 | _a0060467029 | ||
| 040 |
_aDLC _cDLC _dDLC |
||
| 041 | _aeng | ||
| 080 | _a612 TOR | ||
| 082 | 0 | 0 |
_a612 TOR _220 |
| 100 | 1 | _a7 | |
| 101 | _aANA | ||
| 245 | 1 | 0 |
_aPrinciples of anatomy and physiology / _cGerard J. Tortora, Sandra Reynolds Grabowski. |
| 906 |
_a7 _bcbc _corignew _d1 _eocip _f19 _gy-gencatlg |
||
| 942 |
_2ddc _cBK |
||
| 999 |
_c40812 _d40812 |
||